00354nam a22001337a 4500003000400000008004100004020001800045100002100063245004300084250000800127260005900135300000800194650001800202OSt210212b ||||| |||| 00| 0 eng d a9789382322573 aVinod D. Rangari aPharmacognosy and Phytochemistry Vol.2 a3rd aNashik (Maharashtra)bPharma Career Publicationsc2020 a518 aPharmacognosy